000 00817nam a22002177a 4500
999 _c176388
_d176388
005 20201217144810.0
010 _aENG-128690
020 _a978-93-534-3765-7
_c539.00
035 _aEN-112222
037 _bDBAD/PUB
082 _a620.11
245 _aEngineering Materials/
_cU. C. Jindal, et.al.
260 _aUttar Pradesh
_bPearson India Education Services Pvt. Ltd.
_c2020
270 _bUttar Pradesh
_e201301
_a15th Floor, Tower-B, World Trade Tower, Plot No.- 1, Block-C, Sector-16, Noida
_mcompanysecretary.india@pearson.com
_k044-66540100
300 _avarious pages.
_c23cm(pbk)
_bIncluding illustrations, Tables and Index.
700 _aJindal, U. C.
700 _aMozumder, Atish
700 _aJothilakshmi, R.
700 _aReddy, C. Parthasaradhi
942 _2ddc
_cEN
_h620.11
_mENG